[Event "Deutsche Ländermeisterschaft 2017"]
[Site "Hannover GER"]
[Date "2017.10.02"]
[Round "4"]
[White "Wang, Xinyuan"]
[Black "Zhou, Lepu Coco"]
[Result "0-1"]
[Termination "normal"]
[Board "1.8"]
[WhiteElo "1757"]
[BlackElo "1585"]
[WhiteClock "00:16:24"]
[BlackClock "00:17:38"]
[WhiteTeam "Baden 1"]
[BlackTeam "Berlin"]
[PlyCount "148"]
[WhiteFideId "16221494"]
[BlackFideId "16217136"]
[EventCountry "GER"]
[EventRounds "7"]
[EventType "team-swiss"]
[EventDate "2017.09.29"]

1. d4 {[%clk 1:30:58]} Nf6 {[%clk 1:30:56]} 2. c4 {[%clk 1:31:20]} c5 {[%clk
1:31:23]} 3. d5 {[%clk 1:31:09]} b5 {[%clk 1:31:47]} 4. Nc3 {[%clk 1:31:14]} b4
{[%clk 1:30:15]} 5. Na4 {[%clk 1:31:06]} d6 {[%clk 1:30:11]} 6. f3 {[%clk
1:29:04]} g6 {[%clk 1:29:51]} 7. b3 {[%clk 1:28:59]} Bg7 {[%clk 1:30:01]} 8.
Nb2 {[%clk 1:29:23]} O-O {[%clk 1:29:55]} 9. e4 {[%clk 1:29:06]} Nbd7 {[%clk
1:29:34]} 10. Rb1 {[%clk 1:28:55]} Qa5 {[%clk 1:27:03]} 11. Ra1 {[%clk
1:25:25]} Nh5 {[%clk 1:23:24]} 12. Ne2 {[%clk 1:24:01]} Ne5 {[%clk 1:17:37]}
13. Kf2 {[%clk 1:23:03]} f5 {[%clk 1:14:59]} 14. Kg1 {[%clk 1:18:51]} fxe4
{[%clk 1:15:19]} 15. fxe4 {[%clk 1:18:46]} Ng4 {[%clk 1:15:34]} 16. h3 {[%clk
1:17:52]} Nf2 {[%clk 1:15:55]} 17. Qe1 {[%clk 1:13:50]} Nxh1 {[%clk 1:16:07]}
18. Kxh1 {[%clk 1:13:53]} Be5 {[%clk 1:12:13]} 19. Kg1 {[%clk 1:13:19]} Bd7
{[%clk 1:05:34]} 20. g4 {[%clk 1:09:55]} Nf4 {[%clk 1:02:20]} 21. Nxf4 {[%clk
1:08:40]} Bxf4 {[%clk 1:00:03]} 22. Bxf4 {[%clk 1:07:58]} Rxf4 {[%clk 1:00:17]}
23. Nd3 {[%clk 1:08:07]} Rf3 {[%clk 0:56:14]} 24. Kg2 {[%clk 1:07:00]} Raf8
{[%clk 0:54:17]} 25. Be2 {[%clk 1:05:41]} Re3 {[%clk 0:52:21]} 26. e5 {[%clk
1:00:14]} Rff3 {[%clk 0:47:54]} 27. e6 {[%clk 0:56:57]} Rg3+ {[%clk 0:46:51]}
28. Kf1 {[%clk 0:46:00]} Bc8 {[%clk 0:43:28]} 29. Qf2 {[%clk 0:43:59]} Qd8
{[%clk 0:39:21]} 30. Qf7+ {[%clk 0:43:19]} Kh8 {[%clk 0:39:25]} 31. Nf2 {[%clk
0:43:13]} a5 {[%clk 0:35:53]} 32. Bd1 {[%clk 0:40:26]} Ba6 {[%clk 0:32:57]} 33.
Rc1 {[%clk 0:39:41]} Bc8 {[%clk 0:27:39]} 34. Rc2 {[%clk 0:36:30]} Bxe6 {[%clk
0:21:48]} 35. dxe6 {[%clk 0:35:24]} Qa8 {[%clk 0:21:54]} 36. Ne4 {[%clk
0:34:11]} Rxe4 {[%clk 0:21:41]} 37. Be2 {[%clk 0:19:11]} Rd4 {[%clk 0:17:41]}
38. Kf2 {[%clk 0:15:12]} Qg2+ {[%clk 0:15:47]} 39. Ke1 {[%clk 0:14:20]} Qg1+
{[%clk 0:15:02]} 40. Bf1 {[%clk 0:09:54]} Re3+ {[%clk 0:15:04]} 41. Re2 {[%clk
0:09:52]} Qg3+ {[%clk 0:15:22]} 42. Qf2 {[%clk 0:09:43]} Qxf2+ {[%clk 0:15:46]}
43. Kxf2 {[%clk 0:10:03]} Rxe2+ {[%clk 0:16:10]} 44. Bxe2 {[%clk 0:10:16]} Rd2
{[%clk 0:16:27]} 45. Ke3 {[%clk 0:09:42]} Rxa2 {[%clk 0:16:33]} 46. Bf3 {[%clk
0:09:24]} a4 {[%clk 0:16:19]} 47. bxa4 {[%clk 0:09:00]} b3 {[%clk 0:16:13]} 48.
Kd3 {[%clk 0:09:01]} Rxa4 {[%clk 0:16:11]} 49. Kc3 {[%clk 0:08:20]} Rb4 {[%clk
0:16:17]} 50. Kb2 {[%clk 0:08:38]} Kg7 {[%clk 0:15:56]} 51. g5 {[%clk 0:08:56]}
Rxc4 {[%clk 0:15:05]} 52. Kxb3 {[%clk 0:09:00]} Rf4 {[%clk 0:14:28]} 53. Bg4
{[%clk 0:09:06]} h6 {[%clk 0:13:34]} 54. gxh6+ {[%clk 0:09:25]} Kxh6 {[%clk
0:13:55]} 55. Kc3 {[%clk 0:09:50]} Kg5 {[%clk 0:13:43]} 56. Kd3 {[%clk
0:10:09]} Rxg4 {[%clk 0:13:37]} 57. hxg4 {[%clk 0:10:31]} Kxg4 {[%clk 0:13:58]}
58. Ke4 {[%clk 0:10:55]} c4 {[%clk 0:13:59]} 59. Kd4 {[%clk 0:11:14]} Kf3
{[%clk 0:14:14]} 60. Kd5 {[%clk 0:11:00]} c3 {[%clk 0:14:21]} 61. Kc6 {[%clk
0:11:25]} c2 {[%clk 0:14:21]} 62. Kd7 {[%clk 0:11:54]} c1=Q {[%clk 0:14:35]}
63. Kxe7 {[%clk 0:12:16]} Qc7+ {[%clk 0:14:55]} 64. Kf8 {[%clk 0:12:34]} g5
{[%clk 0:15:03]} 65. e7 {[%clk 0:12:59]} Qxe7+ {[%clk 0:15:25]} 66. Kxe7 {[%clk
0:13:19]} g4 {[%clk 0:15:49]} 67. Kxd6 {[%clk 0:13:42]} g3 {[%clk 0:16:04]} 68.
Kc7 {[%clk 0:13:52]} g2 {[%clk 0:16:20]} 69. Kb8 {[%clk 0:14:20]} g1=Q {[%clk
0:16:38]} 70. Ka8 {[%clk 0:14:48]} Qg7 {[%clk 0:16:50]} 71. Kb8 {[%clk
0:15:11]} Ke4 {[%clk 0:17:05]} 72. Ka8 {[%clk 0:15:36]} Kd5 {[%clk 0:17:23]}
73. Kb8 {[%clk 0:15:57]} Kc6 {[%clk 0:17:38]} 74. Ka8 {[%clk 0:16:24]} Qb7# 0-1

[Event "Deutsche Ländermeisterschaft 2017"]
[Site "Hannover GER"]
[Date "2017.10.02"]
[Round "4"]
[White "Reuker, Jari"]
[Black "Richter, Leonard"]
[Result "1-0"]
[Termination "normal"]
[Board "2.1"]
[WhiteElo "2335"]
[BlackElo "2268"]
[WhiteClock "01:07:35"]
[BlackClock "00:07:41"]
[WhiteTeam "Niedersachsen"]
[BlackTeam "Sachsen"]
[PlyCount "51"]
[WhiteFideId "12909300"]
[BlackFideId "12900290"]
[EventCountry "GER"]
[EventRounds "7"]
[EventType "team-swiss"]
[EventDate "2017.09.29"]

1. e4 {[%clk 1:30:56]} c5 {[%clk 1:30:56]} 2. Nf3 {[%clk 1:31:19]} d6 {[%clk
1:31:24]} 3. d4 {[%clk 1:31:39]} cxd4 {[%clk 1:31:50]} 4. Nxd4 {[%clk 1:32:03]}
Nf6 {[%clk 1:32:15]} 5. Nc3 {[%clk 1:32:28]} a6 {[%clk 1:32:42]} 6. Be2 {[%clk
1:32:20]} e5 {[%clk 1:32:51]} 7. Nf3 {[%clk 1:32:33]} Be7 {[%clk 1:33:01]} 8.
Bg5 {[%clk 1:32:43]} Nbd7 {[%clk 1:32:19]} 9. a4 {[%clk 1:32:12]} O-O {[%clk
1:27:57]} 10. Nd2 {[%clk 1:28:44]} Qc7 {[%clk 1:12:00]} 11. Nc4 {[%clk
1:27:51]} b6 {[%clk 0:49:41]} 12. Ne3 {[%clk 1:23:44]} Bb7 {[%clk 0:47:09]} 13.
Bc4 {[%clk 1:22:05]} Rfe8 {[%clk 0:39:20]} 14. Bd5 {[%clk 1:20:37]} Rac8 {[%clk
0:33:16]} 15. O-O {[%clk 1:18:07]} h6 {[%clk 0:29:37]} 16. Bxf6 {[%clk
1:15:51]} Nxf6 {[%clk 0:29:49]} 17. Bxb7 {[%clk 1:15:42]} Qxb7 {[%clk 0:30:14]}
18. Qd3 {[%clk 1:14:53]} Bf8 {[%clk 0:23:46]} 19. Ncd5 {[%clk 1:13:36]} Nd7
{[%clk 0:23:01]} 20. b4 {[%clk 1:12:55]} Ra8 {[%clk 0:16:01]} 21. a5 {[%clk
1:12:36]} bxa5 {[%clk 0:13:09]} 22. Rxa5 {[%clk 1:12:50]} Ra7 {[%clk 0:10:47]}
23. Rfa1 {[%clk 1:13:06]} Rea8 {[%clk 0:11:07]} 24. Qa3 {[%clk 1:08:25]} Nb8
{[%clk 0:07:28]} 25. b5 {[%clk 1:07:40]} Be7 {[%clk 0:07:41]} 26. b6 {[%clk
1:07:35]} 1-0

[Event "Deutsche Ländermeisterschaft 2017"]
[Site "Hannover GER"]
[Date "2017.10.02"]
[Round "4"]
[White "Urban, Konstantin"]
[Black "Vöge, Tobias"]
[Result "1/2-1/2"]
[Termination "normal"]
[Board "2.2"]
[BlackTitle "FM"]
[WhiteElo "2303"]
[BlackElo "2188"]
[WhiteClock "00:11:52"]
[BlackClock "00:06:48"]
[WhiteTeam "Sachsen"]
[BlackTeam "Niedersachsen"]
[PlyCount "102"]
[WhiteFideId "12927511"]
[BlackFideId "1270513"]
[EventCountry "GER"]
[EventRounds "7"]
[EventType "team-swiss"]
[EventDate "2017.09.29"]

1. e4 {[%clk 1:30:58]} c5 {[%clk 1:30:55]} 2. Nf3 {[%clk 1:31:09]} Nc6 {[%clk
1:31:21]} 3. d4 {[%clk 1:31:30]} cxd4 {[%clk 1:31:48]} 4. Nxd4 {[%clk 1:31:54]}
g6 {[%clk 1:32:15]} 5. Nc3 {[%clk 1:31:47]} Bg7 {[%clk 1:32:41]} 6. Be3 {[%clk
1:31:50]} Nf6 {[%clk 1:33:07]} 7. Bc4 {[%clk 1:31:05]} O-O {[%clk 1:33:32]} 8.
Bb3 {[%clk 1:31:18]} Qa5 {[%clk 1:33:58]} 9. O-O {[%clk 1:30:37]} d6 {[%clk
1:34:11]} 10. h3 {[%clk 1:30:08]} Bd7 {[%clk 1:34:12]} 11. Re1 {[%clk 1:29:51]}
Nxd4 {[%clk 1:32:42]} 12. Bxd4 {[%clk 1:27:57]} Bc6 {[%clk 1:32:24]} 13. Nd5
{[%clk 1:18:41]} Bxd5 {[%clk 1:31:47]} 14. exd5 {[%clk 1:17:27]} Rfe8 {[%clk
1:11:39]} 15. Qf3 {[%clk 1:03:16]} Nd7 {[%clk 0:56:41]} 16. Bxg7 {[%clk
1:01:42]} Kxg7 17. Re2 {[%clk 0:55:30]} Rac8 {[%clk 0:49:51]} 18. Rae1 Rc7
{[%clk 0:47:51]} 19. a3 {[%clk 0:38:10]} Nf6 20. c3 {[%clk 0:32:05]} Qc5 {[%clk
0:36:43]} 21. Rd1 {[%clk 0:25:09]} b5 {[%clk 0:30:43]} 22. Rd4 {[%clk 0:23:47]}
a5 {[%clk 0:26:26]} 23. g4 {[%clk 0:19:08]} Nd7 {[%clk 0:11:55]} 24. Qe3 {[%clk
0:16:05]} f6 {[%clk 0:09:27]} 25. f4 {[%clk 0:11:15]} Rb7 {[%clk 0:08:50]} 26.
Kg2 {[%clk 0:10:10]} b4 {[%clk 0:07:07]} 27. axb4 {[%clk 0:10:13]} axb4 {[%clk
0:07:33]} 28. Ba4 {[%clk 0:08:25]} bxc3 {[%clk 0:06:13]} 29. bxc3 {[%clk
0:07:55]} Rc7 {[%clk 0:03:42]} 30. Bc6 {[%clk 0:04:33]} e5 {[%clk 0:03:49]} 31.
Rb4 {[%clk 0:03:52]} Qxe3 {[%clk 0:02:17]} 32. Rxe3 {[%clk 0:04:20]} Re7 {[%clk
0:02:38]} 33. Ra4 {[%clk 0:01:47]} Nc5 {[%clk 0:02:05]} 34. Rb4 {[%clk
0:01:27]} exf4 {[%clk 0:02:16]} 35. Rxe7+ {[%clk 0:01:33]} Rxe7 {[%clk
0:02:45]} 36. Rxf4 {[%clk 0:01:54]} Re2+ {[%clk 0:01:29]} 37. Rf2 {[%clk
0:01:08]} Rxf2+ {[%clk 0:00:46]} 38. Kxf2 {[%clk 0:01:37]} f5 {[%clk 0:00:43]}
39. gxf5 {[%clk 0:01:45]} gxf5 {[%clk 0:01:09]} 40. Ke3 {[%clk 0:01:35]} Kf6
{[%clk 0:01:32]} 41. Kf4 {[%clk 0:29:24]} Nd3+ {[%clk 0:29:54]} 42. Ke3 {[%clk
0:29:44]} Ne5 {[%clk 0:29:54]} 43. Bb5 {[%clk 0:29:24]} h5 {[%clk 0:23:21]} 44.
Be2 {[%clk 0:26:31]} h4 {[%clk 0:21:35]} 45. Bh5 {[%clk 0:18:13]} Kg5 {[%clk
0:18:03]} 46. Be2 {[%clk 0:18:11]} Nd7 {[%clk 0:16:02]} 47. c4 {[%clk 0:16:25]}
Nc5 {[%clk 0:15:43]} 48. Bf3 {[%clk 0:12:36]} Kf6 {[%clk 0:08:13]} 49. Kd4
{[%clk 0:11:17]} Nb3+ {[%clk 0:06:16]} 50. Kc3 {[%clk 0:11:27]} Nc5 {[%clk
0:06:32]} 51. Kd4 {[%clk 0:11:52]} Nb3+ {[%clk 0:06:48]} 1/2-1/2

[Event "Deutsche Ländermeisterschaft 2017"]
[Site "Hannover GER"]
[Date "2017.10.02"]
[Round "4"]
[White "Schulze, Lara"]
[Black "Zienert, Richard"]
[Result "1/2-1/2"]
[Termination "normal"]
[Board "2.3"]
[WhiteTitle "WFM"]
[WhiteElo "2130"]
[BlackElo "2293"]
[WhiteClock "00:17:02"]
[BlackClock "00:43:20"]
[WhiteTeam "Niedersachsen"]
[BlackTeam "Sachsen"]
[PlyCount "99"]
[WhiteFideId "12956830"]
[BlackFideId "12945986"]
[EventCountry "GER"]
[EventRounds "7"]
[EventType "team-swiss"]
[EventDate "2017.09.29"]

1. e4 {[%clk 1:30:58]} c6 {[%clk 1:30:54]} 2. d4 {[%clk 1:31:24]} d5 {[%clk
1:31:20]} 3. e5 {[%clk 1:31:50]} Bf5 {[%clk 1:31:35]} 4. Nf3 {[%clk 1:32:13]}
e6 {[%clk 1:32:00]} 5. Be2 {[%clk 1:32:39]} Nd7 {[%clk 1:32:10]} 6. O-O {[%clk
1:32:51]} h6 {[%clk 1:32:18]} 7. Nbd2 {[%clk 1:30:10]} Ne7 {[%clk 1:32:28]} 8.
Nb3 {[%clk 1:20:53]} g5 {[%clk 1:30:50]} 9. Be3 {[%clk 1:18:10]} Bg6 {[%clk
1:30:11]} 10. Nfd2 {[%clk 1:03:38]} Nf5 {[%clk 1:28:02]} 11. c4 {[%clk
1:00:39]} Nb6 {[%clk 1:22:13]} 12. a4 {[%clk 0:56:58]} dxc4 {[%clk 1:21:23]}
13. Nxc4 {[%clk 0:55:13]} Nd5 {[%clk 1:21:14]} 14. a5 {[%clk 0:54:07]} Qd7
{[%clk 1:19:23]} 15. g4 {[%clk 0:45:58]} Nfxe3 {[%clk 1:17:08]} 16. fxe3 {[%clk
0:45:58]} O-O-O {[%clk 1:11:42]} 17. Nc5 {[%clk 0:39:00]} Qc7 {[%clk 1:12:04]}
18. Qb3 {[%clk 0:35:12]} h5 {[%clk 0:59:55]} 19. gxh5 {[%clk 0:24:30]} Bxh5
{[%clk 1:00:15]} 20. Bxh5 {[%clk 0:23:03]} Rxh5 {[%clk 1:00:40]} 21. Rf2 {[%clk
0:22:24]} Rh3 {[%clk 0:58:27]} 22. Re1 {[%clk 0:09:08]} g4 {[%clk 0:55:23]} 23.
Ne4 {[%clk 0:08:37]} f5 {[%clk 0:54:12]} 24. exf6 {[%clk 0:06:52]} Bb4 {[%clk
0:46:28]} 25. Ree2 {[%clk 0:04:26]} Qh7 {[%clk 0:40:43]} 26. Qc2 {[%clk
0:02:04]} Qh6 {[%clk 0:38:45]} 27. Ng3 {[%clk 0:01:47]} Rh8 {[%clk 0:38:49]}
28. Qe4 {[%clk 0:01:54]} Kb8 {[%clk 0:31:15]} 29. f7 {[%clk 0:01:46]} Ka8
{[%clk 0:25:47]} 30. Qxg4 {[%clk 0:01:22]} Nf6 {[%clk 0:25:05]} 31. Qf3 {[%clk
0:01:03]} Nh5 {[%clk 0:24:52]} 32. Rg2 {[%clk 0:00:56]} Qh7 {[%clk 0:21:31]}
33. e4 {[%clk 0:00:44]} Qh6 {[%clk 0:21:47]} 34. Ne3 {[%clk 0:00:33]} Nf4
{[%clk 0:21:28]} 35. Ng4 {[%clk 0:00:49]} Nxe2+ {[%clk 0:21:42]} 36. Qxe2
{[%clk 0:01:14]} Qf8 {[%clk 0:14:03]} 37. Ne5 {[%clk 0:01:21]} Qd6 {[%clk
0:14:13]} 38. Nf5 {[%clk 0:01:18]} Qd8 {[%clk 0:13:45]} 39. Ng6 {[%clk
0:01:11]} exf5 {[%clk 0:13:54]} 40. Nxh8 {[%clk 0:01:36]} Qxd4+ {[%clk
0:14:14]} 41. Kh1 {[%clk 0:01:40]} Rxh8 {[%clk 0:13:59]} 42. Rg8+ {[%clk
0:17:36]} Bf8 {[%clk 0:44:18]} 43. Rxh8 {[%clk 0:17:35]} Qxh8 {[%clk 0:44:39]}
44. exf5 {[%clk 0:16:54]} a6 {[%clk 0:45:02]} 45. Qe8+ {[%clk 0:16:12]} Ka7
{[%clk 0:45:29]} 46. Qd8 {[%clk 0:15:49]} Qh6 {[%clk 0:42:05]} 47. Qb6+ {[%clk
0:16:11]} Kb8 {[%clk 0:42:29]} 48. Qd8+ {[%clk 0:16:38]} Ka7 {[%clk 0:42:54]}
49. Qb6+ {[%clk 0:17:02]} Kb8 {[%clk 0:43:20]} 50. Qd8+ 1/2-1/2

[Event "Deutsche Ländermeisterschaft 2017"]
[Site "Hannover GER"]
[Date "2017.10.02"]
[Round "4"]
[White "Pubantz, Jan"]
[Black "Lutz, Ruben"]
[Result "1/2-1/2"]
[Termination "normal"]
[Board "2.5"]
[WhiteElo "2030"]
[BlackElo "1914"]
[WhiteClock "00:00:57"]
[BlackClock "00:12:58"]
[WhiteTeam "Niedersachsen"]
[BlackTeam "Sachsen"]
[PlyCount "81"]
[WhiteFideId "12996114"]
[BlackFideId "12975974"]
[EventCountry "GER"]
[EventRounds "7"]
[EventType "team-swiss"]
[EventDate "2017.09.29"]

1. Nf3 {[%clk 1:30:57]} d5 {[%clk 1:30:55]} 2. c4 {[%clk 1:31:16]} e6 {[%clk
1:31:20]} 3. g3 {[%clk 1:31:36]} Nf6 {[%clk 1:31:41]} 4. Bg2 {[%clk 1:31:58]}
Be7 {[%clk 1:32:01]} 5. O-O {[%clk 1:32:03]} O-O {[%clk 1:32:26]} 6. d4 {[%clk
1:31:04]} Nbd7 {[%clk 1:32:19]} 7. Nbd2 {[%clk 1:29:46]} c6 {[%clk 1:32:17]} 8.
Qc2 {[%clk 1:30:05]} b6 {[%clk 1:32:39]} 9. e4 {[%clk 1:30:08]} Bb7 {[%clk
1:33:04]} 10. e5 {[%clk 1:29:00]} Ne8 {[%clk 1:33:30]} 11. cxd5 {[%clk
1:29:21]} cxd5 {[%clk 1:33:46]} 12. Re1 {[%clk 1:27:12]} Rc8 {[%clk 1:33:47]}
13. Qa4 {[%clk 1:23:33]} Bc6 {[%clk 1:33:17]} 14. Qb3 {[%clk 1:16:46]} Nc7
{[%clk 1:30:55]} 15. Bf1 {[%clk 1:07:35]} a5 {[%clk 1:28:52]} 16. Bd3 {[%clk
0:56:24]} h6 {[%clk 1:27:54]} 17. a4 {[%clk 0:46:46]} Bb4 {[%clk 1:26:03]} 18.
Nb1 {[%clk 0:24:13]} Bxe1 {[%clk 1:25:58]} 19. Nxe1 {[%clk 0:24:40]} f6 {[%clk
1:15:30]} 20. f4 {[%clk 0:20:07]} fxe5 {[%clk 1:14:10]} 21. fxe5 {[%clk
0:20:30]} Qe7 {[%clk 1:13:00]} 22. Qd1 {[%clk 0:15:00]} Qf7 {[%clk 1:02:29]}
23. Be3 {[%clk 0:14:52]} Bb7 {[%clk 1:00:32]} 24. Qe2 {[%clk 0:13:15]} Nb8
{[%clk 0:59:22]} 25. Nc3 {[%clk 0:12:52]} Nc6 {[%clk 0:57:04]} 26. Nc2 {[%clk
0:07:54]} Qf3 {[%clk 0:47:44]} 27. Qd2 {[%clk 0:06:16]} Qh5 {[%clk 0:41:46]}
28. Ne2 {[%clk 0:04:02]} g5 {[%clk 0:37:34]} 29. Nc3 {[%clk 0:01:38]} Ne7
{[%clk 0:34:08]} 30. Be2 {[%clk 0:01:52]} Qf7 {[%clk 0:33:19]} 31. h4 {[%clk
0:00:46]} gxh4 {[%clk 0:31:30]} 32. gxh4 {[%clk 0:00:47]} Kh8 {[%clk 0:29:57]}
33. Kh2 {[%clk 0:00:46]} Nf5 {[%clk 0:20:48]} 34. Bxh6 {[%clk 0:00:38]} Qh7 35.
Bg5 {[%clk 0:00:38]} Nxh4 {[%clk 0:21:13]} 36. Kg3 {[%clk 0:00:34]} Rg8 {[%clk
0:17:02]} 37. Bg4 {[%clk 0:00:46]} Nf5+ {[%clk 0:11:56]} 38. Kg2 {[%clk
0:00:46]} Nh4+ {[%clk 0:12:08]} 39. Kg3 {[%clk 0:01:12]} Nf5+ {[%clk 0:12:33]}
40. Kg2 {[%clk 0:00:57]} Nh4+ {[%clk 0:12:58]} 41. Kg3 1/2-1/2

[Event "Deutsche Ländermeisterschaft 2017"]
[Site "Hannover GER"]
[Date "2017.10.02"]
[Round "4"]
[White "Simon, Tessa"]
[Black "Hommer, Jeremy"]
[Result "0-1"]
[Termination "normal"]
[Board "2.6"]
[WhiteElo "1917"]
[BlackElo "1948"]
[WhiteClock "00:01:01"]
[BlackClock "00:36:09"]
[WhiteTeam "Sachsen"]
[BlackTeam "Niedersachsen"]
[PlyCount "80"]
[WhiteFideId "12929395"]
[BlackFideId "12992577"]
[EventCountry "GER"]
[EventRounds "7"]
[EventType "team-swiss"]
[EventDate "2017.09.29"]

1. e4 {[%clk 1:30:59]} c6 {[%clk 1:30:54]} 2. d4 {[%clk 1:31:21]} d5 {[%clk
1:31:22]} 3. exd5 {[%clk 1:31:40]} cxd5 {[%clk 1:31:48]} 4. c4 {[%clk 1:32:00]}
Nf6 {[%clk 1:32:11]} 5. Nc3 {[%clk 1:32:21]} Nc6 {[%clk 1:32:34]} 6. Bg5 {[%clk
1:32:29]} Be6 {[%clk 1:32:57]} 7. a3 {[%clk 1:22:43]} g6 {[%clk 1:27:32]} 8.
Nf3 {[%clk 0:57:15]} Bg7 {[%clk 1:23:38]} 9. c5 {[%clk 0:45:32]} Ne4 {[%clk
1:22:06]} 10. Be3 {[%clk 0:45:15]} O-O {[%clk 1:12:22]} 11. Bb5 {[%clk
0:34:13]} Qa5 {[%clk 1:11:15]} 12. Bxc6 {[%clk 0:30:31]} bxc6 {[%clk 1:10:47]}
13. Rc1 {[%clk 0:28:19]} Rab8 {[%clk 1:09:22]} 14. Qe2 {[%clk 0:27:15]} Bc8
{[%clk 1:05:31]} 15. Bd2 {[%clk 0:10:12]} Nxd2 {[%clk 1:03:32]} 16. Qxd2 {[%clk
0:10:40]} Ba6 {[%clk 1:03:21]} 17. b4 {[%clk 0:05:34]} Qxa3 {[%clk 1:03:17]}
18. b5 {[%clk 0:05:59]} Bxb5 {[%clk 1:01:56]} 19. Nxb5 {[%clk 0:06:25]} Rxb5
{[%clk 1:02:15]} 20. O-O {[%clk 0:06:40]} Rb2 {[%clk 0:59:41]} 21. Qf4 {[%clk
0:06:09]} Qb4 {[%clk 0:58:02]} 22. h4 {[%clk 0:05:07]} a5 {[%clk 0:56:49]} 23.
h5 {[%clk 0:02:21]} Qb7 {[%clk 0:51:11]} 24. Ra1 {[%clk 0:01:35]} Ra8 {[%clk
0:51:14]} 25. Ng5 {[%clk 0:01:25]} e6 {[%clk 0:50:44]} 26. hxg6 {[%clk
0:01:00]} hxg6 {[%clk 0:51:02]} 27. Qh4 {[%clk 0:01:06]} Rb4 {[%clk 0:50:11]}
28. Ra3 {[%clk 0:00:59]} Rb3 {[%clk 0:47:57]} 29. Ra4 {[%clk 0:00:36]} Qb5
{[%clk 0:48:15]} 30. Ra2 {[%clk 0:01:05]} a4 {[%clk 0:48:01]} 31. Qh7+ {[%clk
0:00:41]} Kf8 {[%clk 0:48:23]} 32. Qh4 {[%clk 0:01:05]} a3 {[%clk 0:48:01]} 33.
Qf4 {[%clk 0:01:32]} Qb7 34. Nxe6+ {[%clk 0:00:46]} Kg8 {[%clk 0:44:19]} 35.
Nxg7 {[%clk 0:00:36]} Kxg7 {[%clk 0:44:47]} 36. Qe5+ {[%clk 0:00:37]} Kg8
{[%clk 0:44:37]} 37. g3 {[%clk 0:00:38]} Rb1 {[%clk 0:38:11]} 38. Ra1 {[%clk
0:00:50]} a2 {[%clk 0:37:37]} 39. Kg2 {[%clk 0:00:32]} Rxa1 {[%clk 0:36:48]}
40. Rxa1 {[%clk 0:01:01]} Qb1 {[%clk 0:36:09]} 0-1

[Event "Deutsche Ländermeisterschaft 2017"]
[Site "Hannover GER"]
[Date "2017.10.02"]
[Round "4"]
[White "Mönster, Madita"]
[Black "Könze, Heike"]
[Result "1/2-1/2"]
[Termination "normal"]
[Board "2.7"]
[WhiteElo "1730"]
[BlackElo "1775"]
[WhiteClock "00:10:03"]
[BlackClock "00:55:17"]
[WhiteTeam "Niedersachsen"]
[BlackTeam "Sachsen"]
[PlyCount "58"]
[WhiteFideId "12947156"]
[BlackFideId "12964476"]
[EventCountry "GER"]
[EventRounds "7"]
[EventType "team-swiss"]
[EventDate "2017.09.29"]

1. e4 {[%clk 1:30:56]} c5 {[%clk 1:30:51]} 2. Nf3 {[%clk 1:31:17]} d6 {[%clk
1:31:12]} 3. d4 {[%clk 1:31:36]} cxd4 {[%clk 1:31:35]} 4. Nxd4 {[%clk 1:31:52]}
Nf6 {[%clk 1:31:58]} 5. Nc3 {[%clk 1:32:12]} a6 {[%clk 1:32:20]} 6. Be3 {[%clk
1:32:02]} e5 {[%clk 1:32:38]} 7. Nb3 {[%clk 1:32:12]} Be7 {[%clk 1:32:28]} 8.
f3 {[%clk 1:31:26]} Be6 {[%clk 1:32:45]} 9. Qd2 {[%clk 1:30:02]} Nbd7 {[%clk
1:32:24]} 10. O-O-O {[%clk 1:28:26]} b5 {[%clk 1:32:25]} 11. g4 {[%clk
1:26:45]} Nb6 {[%clk 1:28:05]} 12. Qf2 {[%clk 0:57:23]} Nfd7 13. Nd5 {[%clk
0:57:45]} Bxd5 {[%clk 1:27:40]} 14. exd5 {[%clk 0:54:09]} Qc7 {[%clk 1:23:41]}
15. f4 {[%clk 0:51:34]} Nc4 {[%clk 1:20:06]} 16. fxe5 {[%clk 0:40:44]} dxe5 17.
Bd3 {[%clk 0:41:07]} Nxe3 {[%clk 1:17:33]} 18. Qxe3 {[%clk 0:34:29]} O-O {[%clk
1:08:06]} 19. g5 {[%clk 0:33:03]} Qb6 {[%clk 1:05:56]} 20. Qg3 {[%clk 0:31:32]}
Rfd8 {[%clk 1:05:04]} 21. Kb1 Bd6 {[%clk 1:03:06]} 22. Qg2 {[%clk 0:30:00]} a5
{[%clk 0:59:54]} 23. Rdg1 {[%clk 0:25:47]} Bc5 24. Rf1 {[%clk 0:23:57]} a4
{[%clk 0:58:45]} 25. Nxc5 {[%clk 0:19:33]} Qxc5 {[%clk 0:55:54]} 26. Qh3 {[%clk
0:18:22]} Nf8 {[%clk 0:55:08]} 27. Qf5 {[%clk 0:10:47]} Ra7 {[%clk 0:54:58]}
28. Qxe5 Qxd5 {[%clk 0:55:17]} 29. Qxd5 {[%clk 0:10:03]} Rxd5 1/2-1/2

[Event "Deutsche Ländermeisterschaft 2017"]
[Site "Hannover GER"]
[Date "2017.10.02"]
[Round "4"]
[White "Peglau, Mirjam"]
[Black "Reichelt, Lena"]
[Result "1-0"]
[Termination "normal"]
[Board "2.8"]
[WhiteElo "1552"]
[BlackElo "1502"]
[WhiteClock "01:20:51"]
[BlackClock "00:58:20"]
[WhiteTeam "Sachsen"]
[BlackTeam "Niedersachsen"]
[PlyCount "33"]
[WhiteFideId "16211138"]
[BlackFideId "12981184"]
[EventCountry "GER"]
[EventRounds "7"]
[EventType "team-swiss"]
[EventDate "2017.09.29"]

1. e4 {[%clk 1:30:58]} c5 {[%clk 1:30:53]} 2. Nf3 {[%clk 1:31:22]} Nc6 {[%clk
1:31:08]} 3. d4 {[%clk 1:31:46]} cxd4 {[%clk 1:31:23]} 4. Nxd4 {[%clk 1:32:11]}
Nf6 {[%clk 1:31:18]} 5. Nc3 {[%clk 1:32:10]} e5 {[%clk 1:31:13]} 6. Nb3 {[%clk
1:31:02]} Bb4 {[%clk 1:30:41]} 7. f3 {[%clk 1:30:40]} d5 {[%clk 1:26:32]} 8.
Nd2 {[%clk 1:25:02]} dxe4 {[%clk 1:16:13]} 9. fxe4 {[%clk 1:25:02]} Bxc3 {[%clk
1:10:55]} 10. bxc3 {[%clk 1:25:30]} O-O {[%clk 1:10:42]} 11. Bd3 {[%clk
1:24:37]} Be6 {[%clk 1:09:15]} 12. O-O {[%clk 1:23:20]} Rc8 {[%clk 1:09:03]}
13. Nb3 Qb6+ {[%clk 1:04:51]} 14. Kh1 {[%clk 1:21:59]} h6 {[%clk 1:04:40]} 15.
Rxf6 {[%clk 1:20:26]} gxf6 {[%clk 0:59:37]} 16. Bxh6 {[%clk 1:20:42]} Rfd8
{[%clk 0:58:20]} 17. Qf3 {[%clk 1:20:51]} 1-0